000 01173cam a22002413a 4500
001 29241
003 PGUSA
005 20140828083631.0
008 090625s2009||||xxu|||||s|||||000 | eng d
040 _aPGUSA
_beng
042 _adc
050 4 _aT
245 1 0 _aLittle Masterpieces of Science :
_bInvention and Discovery
_h[electronic resource]
260 _bProject Gutenberg,
_c2009
505 0 _aFranklin, B. Lightning identified with electricity -- Faraday, M. Preparing the way for the electric dynamo and motor -- Henry, J. Invention of the electric telegraph -- Iles, G. The first Atlantic cables -- Bell, A. G. The invention of the telephone -- Dam, H. J. W. Photographing the unseen -- Iles, G. The wireless telegraph -- Iles, G. Electricity, what its mastery means: with a review and a prospect -- Rumford, Count (B. Thompson) Heat and motion identified -- Stephenson, G. The "Rocket" locomotive and its victory.
506 _aPublic domain in the USA.
516 _aElectronic text
653 _aInventions
700 1 _aIles, George,
_d1852-1942
830 0 _aProject Gutenberg
_v29241
856 4 0 _uhttp://www.gutenberg.org/ebooks/29241
942 _cEB
999 _c258496
_d258496